| 000 | 00376 a2200133 4500 | ||
|---|---|---|---|
| 020 | _a0312399340 | ||
| 040 |
_aDLC _bDLC |
||
| 100 | 1 | _aBeason, Larry. | |
| 245 | 1 | 2 |
_aA commonsense guide to grammar and usage _cLarry Beason, Mark Lester. |
| 250 | _a3rd ed. | ||
| 260 |
_aBoston, MA : _bBedford/St. Martin's, _c2003. |
||
| 300 |
_axxv, 516 p. _c24 cm. |
||
| 942 |
_cBK _k428.2 BEA _2ddc |
||
| 999 |
_c9957 _d9957 |
||